000 00285nam a22001337a 4500
008 170307b xxu||||| |||| 00| 0 eng d
020 _a9780683015638
041 _aeng
080 _23RD
_a611
100 _a6
101 _aSHM
245 _aGROSS ANATOMY
_cCHUNG, K.W
942 _2udc
_cBK
999 _c7001
_d7001